C++ for dummies / (Record no. 30445)

MARC details
000 -LEADER
fixed length control field 01055nam a2200337 i 4500
003 - CONTROL NUMBER IDENTIFIER
control field EG-ScBUE
005 - DATE AND TIME OF LATEST TRANSACTION
control field 20230524105504.0
008 - FIXED-LENGTH DATA ELEMENTS--GENERAL INFORMATION
fixed length control field 200219t2004 njua f 001 0 eng d
020 ## - INTERNATIONAL STANDARD BOOK NUMBER
International Standard Book Number 9780764568527
020 ## - INTERNATIONAL STANDARD BOOK NUMBER
International Standard Book Number 0764568523
040 ## - CATALOGING SOURCE
Original cataloging agency EG-ScBUE
Language of cataloging eng
Description conventions rda
Transcribing agency EG-ScBUE
Modifying agency EG-ScBUE
082 04 - DEWEY DECIMAL CLASSIFICATION NUMBER
Classification number 005.133
Edition number 22
Item number DAV
100 1# - MAIN ENTRY--PERSONAL NAME
Personal name Davis, Stephen R.,
Dates associated with a name 1956-
Relator term author.
245 10 - TITLE STATEMENT
Title C++ for dummies /
Statement of responsibility, etc by Stephen Randy Davis.
250 ## - EDITION STATEMENT
Edition statement Fifth edition.
264 #1 - PUBLICATION, DISTRIBUTION, ETC. (IMPRINT)
Place of publication, distribution, etc Hoboken, NJ :
Name of publisher, distributor, etc Wiley Publishing, Inc.,
Date of publication, distribution, etc [2004]
264 #4 - PUBLICATION, DISTRIBUTION, ETC. (IMPRINT)
Date of publication, distribution, etc c2004
300 ## - PHYSICAL DESCRIPTION
Extent xiv, 418 pages :
Other physical details illustrations ;
Dimensions 24 cm +
Accompanying material 1 CD
336 ## - CONTENT TYPE
Content type term text
Source rdacontent
Content type code txt
336 ## - CONTENT TYPE
Content type term rdacontent
Source sounds
Content type code snd
337 ## - MEDIA TYPE
Media type term unmediated
Source rdamedia
Media type code n
337 ## - MEDIA TYPE
Media type term rdamedia
Source audio
Media type code s
338 ## - CARRIER TYPE
Carrier type term volume
Source rdacarrier
Carrier type code nc
338 ## - CARRIER TYPE
Carrier type term computer disc
Source rdacarrier
Carrier type code cd
500 ## - GENERAL NOTE
General note Previous ed.: New York: Hungry Minds, 2000.
500 ## - GENERAL NOTE
General note Includes index.
650 #7 - SUBJECT ADDED ENTRY--TOPICAL TERM
Topical term or geographic name as entry element C++ (Computer program language)
Source of heading or term BUEsh
653 ## - INDEX TERM--UNCONTROLLED
Resource For college Informatics and Computer Science
655 ## - INDEX TERM--GENRE/FORM
Form subdivision Reading book
942 ## - ADDED ENTRY ELEMENTS (KOHA)
Source of classification or shelving scheme Dewey Decimal Classification
Koha item type Book - Borrowing
Holdings
Withdrawn status Lost status Source of classification or shelving scheme Damaged status Not for loan Collection code Home library Current library Shelving location Date acquired Source of acquisition Total Checkouts Total Renewals Full call number Barcode Date last seen Date checked out Price effective from Koha item type
    Dewey Decimal Classification     Donation-Gift Central Library Central Library Lower Floor 24/05/2023 Donation 4 12 005.133 DAV 000056731 17/03/2026 04/03/2026 24/05/2023 Book - Borrowing